La enciclopedia infantil de los animales / (Record no. 23467)

000 -CABECERA
fixed length control field 00772nam a22002177i 4500
003 - IDENTIFICADOR DEL NÚMERO DE CONTROL
control field AR-CdUCM
008 - DATOS DE LONGITUD FIJA--INFORMACIÓN GENERAL
fixed length control field 260121b20222022 pe||||| |||| 00| 0 spa d
020 ## - NÚMERO INTERNACIONAL ESTÁNDAR DEL LIBRO
ISBN 978-9962-04-925-8
040 ## - FUENTE DE LA CATALOGACIÓN
Agencia/entidad que catalogó originalmente la obra MUNICIPALIDAD PROVINCIAL DEL CUSCO
Entidad que transcribió la catalogación BIBLIOTECA MUNICIPAL DEL CUSCO
082 ## - NÚMERO DE LA CLASIFICACIÓN DECIMAL DEWEY
No. de Clasificación ES / 590.3 /
Notacion interna L11
110 ## - ENTRADA PRINCIPAL--NOMBRE DE ENTIDAD CORPORATIVA
Nombre de la institución, jurisdicción como entrada principal Lexus Editores
9 (RLIN) 18613
245 ## - MENCIÓN DE TÍTULO
Título La enciclopedia infantil de los animales /
260 ## - PUBLICACIÓN, DISTRIBUCIÓN, ETC.
Lugar de publicación, distribución, etc. India :
Nombre de la editorial, distribuidor, etc. Lexsus Editores :
Fecha de publicación, distribución, etc. 2022
300 ## - DESCRIPCIÓN FÍSICA
Nº de Páginas Extensión 187 páginas. :
Dimensiones 29x22 cm.
505 ## - NOTA DE CONTENIDO CON FORMATO
Nota de contenido formateada Reyno animal -- grupos de animales -- Sentidos de los animales -- Estuarios -- Aves de caza acuáticas -- Primates -- Artrópodos
710 ## - PUNTO DE ACCESO ADICIONAL--NOMBRE DE ENTIDAD CORPORATIVA
Nombre corporativo (En letras Mayúsculas) Lexus Editores
9 (RLIN) 18613
856 ## - LOCALIZACIÓN Y ACCESO ELECTRÓNICOS
Dirección electrónica www.lexuseditores.com
942 ## - ELEMENTOS DE PUNTO DE ACCESO ADICIONAL (KOHA)
Fuente de clasificación
Tipo de item Libros-BMC
945 ## - PROCESAMIENTO DE INFORMACIÓN LOCAL (OCLC)
Catalogador pbjr
AAAA-MM-DD - Fecha de ingreso o modificacion 21-01-2026
Holdings
Estado de retiro (separado) Fuente de clasificación o esquema de estanterías Estado dañado Ubicación Sala donde se ubica Nombre de la colección Fecha de adquisición o compra Fuente de adquisición Costo, precio normal en soles Signatura topográfica Código de Barras Última vez visto (Koha) Tipo de ítem (Koha)
No     Administrador-biblioteca Administrador-biblioteca Book Cart 2026-01-21     ES / 590.3 / L11 / e.2 SI00005076 2026-01-21 Libros-BMC
No     Sala de Infantes Sala de Infantes Book Cart 2026-01-21 Donación 30.00 ES / 590.3 / L11 SI00005075 2026-01-21 Libros-BMC

Powered by Koha